| 000 | 01038cam a2200277 a 4500 | ||
|---|---|---|---|
| 999 |
_c26339 _d26339 |
||
| 001 | 1541212 | ||
| 003 | OSt | ||
| 005 | 20170204091621.0 | ||
| 008 | 910103s19911992nyua 001 0 eng | ||
| 010 | _a 91004384 | ||
| 020 | _a0442008392 | ||
| 040 |
_aDLC _cDLC _dDLC |
||
| 050 | 0 | 0 |
_aNC1000 _b.H54 1991 |
| 082 | 0 | 0 |
_a741.6 _220 |
| 100 | 1 | _aHiebert, Kenneth J. | |
| 245 | 1 | 0 |
_aGraphic design processes : _buniversal to unique / _cKenneth J. Hiebert. |
| 260 |
_aNew York : _bVan Nostrand Reinhold, _c1991, c1992. |
||
| 300 |
_a208 p. : _bill. (some col.) ; _c28 cm. |
||
| 500 | _aIncludes index. | ||
| 650 | 0 |
_aGraphic arts _xTechnique. |
|
| 650 | 0 | _aComputer-aided design. | |
| 650 | 0 |
_aComputer graphics _xTechnique. |
|
| 906 |
_a7 _bcbc _corignew _d1 _eocip _f19 _gy-gencatlg |
||
| 942 |
_2lcc _cBOOKS _hNC 1000. H54 1991 |
||